[Event "EU-chT Seniors 10th"]
[Site "Dresden"]
[Date "2008.02.11"]
[Round "1.4"]
[White "Arkhangelsky, Boris Nikolaevich"]
[Black "Olgag, Kahraman"]
[Result "1-0"]
[WhiteElo "2358"]
[BlackElo "2131"]
[PlyCount "124"]
[EventDate "2008.02.11"]
[EventType "team-swiss"]
[EventRounds "9"]
[EventCountry "GER"]
[SourceTitle "CBM 122 Extra"]
[Source "ChessBase"]
[SourceDate "2008.03.04"]
[SourceVersion "1"]
[SourceVersionDate "2008.03.04"]
[SourceQuality "1"]
[WhiteTeam "Moscow"]
[BlackTeam "Turkey"]
[WhiteTeamCountry "RUS"]
[BlackTeamCountry "TUR"]

1. d4 Nf6 2. c4 e6 3. Nf3 d5 4. Nc3 c6 5. e3 Bb4 6. a3 Bxc3+ 7. bxc3 0-0 8. Bd3 Qa5 9. Qc2 dxc4 10. Bxc4 Nbd7 11. 0-0 b5 12. Bd3 c5 13. c4 bxc4 14. Bxc4 cxd4 15. Bd2 Qc7 16. Nxd4 Nb6 17. Rfc1 Bb7 18. Be2 Qe5 19. Nc6 Bxc6 20. Qxc6 Rfc8 21. Qb5 Nbd5 22. Qa6 Rxc1+ 23. Rxc1 h5 24. Bd3 g6 25. Qc4 Nb6 26. Qb5 Nbd5 27. Qa6 Nb6 28. Qa5 Nbd5 29. Bc3 Qd6 30. Bd4 Qe7 31. g3 e5 32. Bc5 Qd7 33. Bf1 Rc8 34. Bg2 e4 35. Rd1 Qc6 36. Bd4 Qc2 37. Rf1 Qc7 38. Qxa7 Qc6 39. Qa5 Ra8 40. Qc5 Qxc5 41. Bxc5 Nd7 42. Bb4 f5 43. Rd1 Nxb4 44. axb4 Ne5 45. Rb1 Nd3 46. b5 Kf7 47. f3 exf3 48. Bxf3 Rb8 49. b6 Nc5 50. b7 Ke7 51. Rb6 g5 52. Rh6 Ne4 53. Bxe4 fxe4 54. Rxh5 Kf6 55. Rh7 Kf5 56. Rg7 Rd8 57. Rd7 Rb8 58. Rc7 Ke6 59. h4 Rd8 60. Rc6+ Kd7 61. Rc8 Rxc8 62. bxc8Q+ Kxc8 1-0

[Event "Wch Seniors 17th"]
[Site "Gmunden"]
[Date "2007.09.27"]
[Round "10"]
[White "Arkhangelsky, Boris Nikolaevich"]
[Black "Shabanov, Yuri"]
[Result "0-1"]
[WhiteElo "2355"]
[BlackElo "2431"]
[PlyCount "98"]
[EventDate "2007.09.17"]
[EventType "swiss"]
[EventRounds "11"]
[EventCountry "AUT"]
[SourceTitle "CBM 120 Extra"]
[Source "ChessBase"]
[SourceDate "2007.11.01"]
[SourceVersion "1"]
[SourceVersionDate "2007.11.01"]
[SourceQuality "1"]

1. c4 e6 2. Nc3 d5 3. d4 Nf6 4. Bg5 Nbd7 5. cxd5 exd5 6. e3 Be7 7. Bd3 c6 8. Nf3 Nf8 9. Qc2 Ne6 10. Bxf6 Bxf6 11. h3 g6 12. 0-0-0 Ng7 13. g4 Be6 14. Kb1 Qa5 15. Ka1 0-0-0 16. Nd2 Kb8 17. Nb3 Qc7 18. Nc5 Bc8 19. b4 Ne6 20. Rb1 h5 21. Nxe6 Bxe6 22. Be2 hxg4 23. Bxg4 Bxg4 24. hxg4 Rxh1 25. Rxh1 Rh8 26. Rc1 Qd6 27. Na4 Qd8 28. Rb1 a6 29. Nc5 Be7 30. Nd3 Bd6 31. Qe2 Rh2 32. Qf3 Qe7 33. Nc5 Ka7 34. a3 Qc7 35. Rh1 Bxc5 36. bxc5 Rxh1+ 37. Qxh1 Qa5 38. Qc1 Qb5 39. Qc2 Kb8 40. Ka2 Qf1 41. Kb2 Kc8 42. a4 Qe1 43. Ka2 Qb4 44. Ka1 Kc7 45. Ka2 b6 46. cxb6+ Kxb6 47. f3 g5 48. Qb3 Ka5 49. Kb2 Qxa4 0-1

[Event "Wch Seniors 17th"]
[Site "Gmunden"]
[Date "2007.09.21"]
[Round "5"]
[White "Plachetka, Jan"]
[Black "Arkhangelsky, Boris Nikolaevich"]
[Result "1/2-1/2"]
[WhiteElo "2414"]
[BlackElo "2355"]
[PlyCount "110"]
[EventDate "2007.09.17"]
[EventType "swiss"]
[EventRounds "11"]
[EventCountry "AUT"]
[SourceTitle "CBM 120 Extra"]
[Source "ChessBase"]
[SourceDate "2007.11.01"]
[SourceVersion "1"]
[SourceVersionDate "2007.11.01"]
[SourceQuality "1"]

1. c4 e5 2. Nc3 Nf6 3. g3 d5 4. cxd5 Nxd5 5. Bg2 Nb6 6. Nf3 Nc6 7. 0-0 Be7 8. a3 a5 9. d3 0-0 10. Be3 Be6 11. Rc1 Nd5 12. Nxd5 Bxd5 13. Qa4 Re8 14. Rfe1 Kh8 15. Qb5 Bf6 16. Ng5 Bxg5 17. Bxd5 Nd4 18. Qc4 Bxe3 19. fxe3 Nf5 20. Bxb7 Rb8 21. Bc6 Re6 22. Be4 Nxe3 23. Qxc7 Qxc7 24. Rxc7 f5 25. Bf3 g5 26. Kf2 f4 27. Rec1 Rh6 28. Rc8+ Rxc8 29. Rxc8+ Kg7 30. Rc7+ Kg8 31. Kg1 Rf6 32. g4 Rb6 33. Rb7 Rxb7 34. Bxb7 Nxg4 35. b4 axb4 36. axb4 Kf8 37. h3 Nf6 38. Kf2 Ke7 39. e3 h5 40. exf4 exf4 41. Kf3 Kd6 42. h4 gxh4 43. Kxf4 Ng4 44. Be4 Nf2 45. Ke3 Ng4+ 46. Kf4 Nf2 47. Kf3 Ng4 48. Bf5 Nf6 49. Be4 Ng4 50. Kg2 Ne3+ 51. Kh3 Nc2 52. b5 Kc5 53. Bc6 Nd4 54. Kxh4 Nxc6 55. bxc6 Kxc6 1/2-1/2

[Event "Wch Seniors 17th"]
[Site "Gmunden"]
[Date "2007.09.20"]
[Round "4"]
[White "Arkhangelsky, Boris Nikolaevich"]
[Black "Sawadkuhi, Massoud Amir"]
[Result "1-0"]
[WhiteElo "2355"]
[BlackElo "2235"]
[PlyCount "89"]
[EventDate "2007.09.17"]
[EventType "swiss"]
[EventRounds "11"]
[EventCountry "AUT"]
[SourceTitle "CBM 120 Extra"]
[Source "ChessBase"]
[SourceDate "2007.11.01"]
[SourceVersion "1"]
[SourceVersionDate "2007.11.01"]
[SourceQuality "1"]

1. Nf3 Nf6 2. c4 c5 3. d4 cxd4 4. Nxd4 e5 5. Nb5 d5 6. cxd5 Bc5 7. e3 0-0 8. N5c3 Qe7 9. Be2 e4 10. Nd2 Rd8 11. a3 a6 12. b4 Ba7 13. Bb2 Bf5 14. Qc2 Nbd7 15. Nc4 Rac8 16. Qb3 Ng4 17. d6 Qe6 18. Rd1 Nb6 19. Na5 Qxb3 20. Nxb3 Ne5 21. Nd5 Ng6 22. Nc7 Na4 23. Ba1 Bb8 24. 0-0 Bxc7 25. dxc7 Rxd1 26. Rxd1 Rxc7 27. Rd8+ Nf8 28. g4 Bd7 29. Be5 Rc8 30. Rxc8 Bxc8 31. Nd2 f5 32. Bc4+ Kh8 33. gxf5 Bxf5 34. Bd5 Nd7 35. Bd4 b5 36. Bb7 Ndb6 37. Bxa6 Bd7 38. Bb7 Nc4 39. Nxc4 bxc4 40. Bxe4 Bb5 41. Bc2 Kg8 42. Kg2 g6 43. e4 Kf7 44. f4 Ke6 45. Kf3 1-0

[Event "Wch Seniors 17th"]
[Site "Gmunden"]
[Date "2007.09.19"]
[Round "3"]
[White "Taksrud, Vidar"]
[Black "Arkhangelsky, Boris Nikolaevich"]
[Result "0-1"]
[WhiteElo "2099"]
[BlackElo "2355"]
[PlyCount "66"]
[EventDate "2007.09.17"]
[EventType "swiss"]
[EventRounds "11"]
[EventCountry "AUT"]
[SourceTitle "CBM 120 Extra"]
[Source "ChessBase"]
[SourceDate "2007.11.01"]
[SourceVersion "1"]
[SourceVersionDate "2007.11.01"]
[SourceQuality "1"]

1. d4 c5 2. Nf3 cxd4 3. Nxd4 d5 4. g3 e5 5. Nb3 Be6 6. Bg2 Nc6 7. 0-0 h6 8. e4 Nf6 9. exd5 Bxd5 10. Nc3 Bxg2 11. Kxg2 Be7 12. Be3 0-0 13. Qf3 Qc8 14. h3 Nb4 15. Rac1 Rd8 16. a3 Nbd5 17. Nxd5 Nxd5 18. Bd2 Nb6 19. Ba5 Rd6 20. Bxb6 Rxb6 21. c4 e4 22. Qxe4 Rxb3 23. Qxe7 Qc6+ 24. Kg1 Re8 25. Qh4 Rxb2 26. Qd4 Ree2 27. Rc3 b6 28. c5 bxc5 29. Rxc5 Qe6 30. Qd8+ Kh7 31. Qd3+ g6 32. Qd5 Rxf2 33. Qxe6 Rg2+ 0-1

[Event "Wch Seniors 17th"]
[Site "Gmunden"]
[Date "2007.09.18"]
[Round "2"]
[White "Arkhangelsky, Boris Nikolaevich"]
[Black "Krebs, Dietmar"]
[Result "1/2-1/2"]
[WhiteElo "2355"]
[BlackElo "2135"]
[PlyCount "55"]
[EventDate "2007.09.17"]
[EventType "swiss"]
[EventRounds "11"]
[EventCountry "AUT"]
[SourceTitle "CBM 120 Extra"]
[Source "ChessBase"]
[SourceDate "2007.11.01"]
[SourceVersion "1"]
[SourceVersionDate "2007.11.01"]
[SourceQuality "1"]

1. d4 c5 2. e4 cxd4 3. Nf3 d6 4. Qxd4 Nc6 5. Bb5 Bd7 6. Bxc6 Bxc6 7. c4 Nf6 8. Nc3 g6 9. 0-0 Bg7 10. Re1 0-0 11. Qd3 Qc7 12. Bg5 h6 13. Bf4 Qb6 14. Rab1 Rfd8 15. Nd5 Bxd5 16. exd5 Re8 17. Re2 a6 18. Rbe1 Qc7 19. h3 Rac8 20. b3 Qd7 21. a4 b5 22. cxb5 axb5 23. a5 Rc5 24. b4 Rxd5 25. Qa3 Rf5 26. Be3 Nd5 27. Bd2 e6 28. Rc1 1/2-1/2

[Event "EU-ch Seniors 07th"]
[Site "Hockenheim"]
[Date "2007.06.08"]
[Round "7"]
[White "Arkhangelsky, Boris Nikolaevich"]
[Black "Bondick, Karl Heinz"]
[Result "1-0"]
[WhiteElo "2355"]
[BlackElo "2158"]
[PlyCount "77"]
[EventDate "2007.06.02"]
[EventType "swiss"]
[EventRounds "9"]
[EventCountry "GER"]
[SourceTitle "CBM 118 Extra"]
[Source "ChessBase"]
[SourceDate "2007.07.04"]
[SourceVersion "1"]
[SourceVersionDate "2007.07.04"]
[SourceQuality "1"]

1. c4 e5 2. Nc3 Nf6 3. Nf3 Nc6 4. g3 d5 5. cxd5 Nxd5 6. Bg2 Nde7 7. 0-0 Nf5 8. b4 Bxb4 9. Nxe5 Qd6 10. Nxc6 bxc6 11. Qa4 Bd7 12. a3 Bxc3 13. dxc3 0-0 14. e4 Ne7 15. Rd1 Qe6 16. Bf4 Rfe8 17. Qa5 c5 18. Qxc5 Bc6 19. Qe5 Ng6 20. Qxe6 fxe6 21. Be3 a5 22. f4 Rab8 23. Rab1 Rbd8 24. Rxd8 Rxd8 25. Kf2 e5 26. f5 Ne7 27. g4 Kf7 28. Ke2 h6 29. h4 h5 30. g5 Nxf5 31. exf5 Bxg2 32. g6+ Kg8 33. Rb5 Bh3 34. Rxe5 a4 35. Bd4 Kf8 36. Bc5+ Kg8 37. Re7 Bxf5 38. Bd4 c5 39. Be5 1-0

[Event "EU-ch Seniors 07th"]
[Site "Hockenheim"]
[Date "2007.06.06"]
[Round "5"]
[White "Siegmund, Rainer"]
[Black "Arkhangelsky, Boris Nikolaevich"]
[Result "1/2-1/2"]
[WhiteElo "2179"]
[BlackElo "2355"]
[PlyCount "29"]
[EventDate "2007.06.02"]
[EventType "swiss"]
[EventRounds "9"]
[EventCountry "GER"]
[SourceTitle "CBM 118 Extra"]
[Source "ChessBase"]
[SourceDate "2007.07.04"]
[SourceVersion "1"]
[SourceVersionDate "2007.07.04"]
[SourceQuality "1"]

1. d4 Nf6 2. c4 g6 3. Nc3 d5 4. Nf3 Bg7 5. Bg5 Ne4 6. Bh4 c6 7. e3 Qa5 8. Qb3 dxc4 9. Bxc4 Nd6 10. Bd3 Be6 11. Qd1 Nf5 12. Bxf5 Bxf5 13. 0-0 Qd8 14. Qb3 Qb6 15. Qa3 1/2-1/2

[Event "EU-ch Seniors 07th"]
[Site "Hockenheim"]
[Date "2007.06.05"]
[Round "4"]
[White "Arkhangelsky, Boris Nikolaevich"]
[Black "Fischer, G1111"]
[Result "1/2-1/2"]
[WhiteElo "2355"]
[BlackElo "2175"]
[PlyCount "42"]
[EventDate "2007.06.02"]
[EventType "swiss"]
[EventRounds "9"]
[EventCountry "GER"]
[SourceTitle "CBM 118 Extra"]
[Source "ChessBase"]
[SourceDate "2007.07.04"]
[SourceVersion "1"]
[SourceVersionDate "2007.07.04"]
[SourceQuality "1"]

1. c4 e5 2. Nc3 Nf6 3. Nf3 Nc6 4. g3 d5 5. cxd5 Nxd5 6. Bg2 Be6 7. 0-0 Be7 8. d4 Nxc3 9. bxc3 exd4 10. Nxd4 Nxd4 11. cxd4 c6 12. Bb2 0-0 13. Qc2 Qd7 14. Rfd1 Rac8 15. a4 f5 16. a5 a6 17. Ba3 Rfd8 18. Bxe7 Qxe7 19. e3 Qf7 20. Re1 Rc7 21. Ra3 Re7 1/2-1/2

[Event "EU-ch Seniors 07th"]
[Site "Hockenheim"]
[Date "2007.06.03"]
[Round "2"]
[White "Arkhangelsky, Boris Nikolaevich"]
[Black "Brondum, Eric"]
[Result "1/2-1/2"]
[WhiteElo "2355"]
[BlackElo "2164"]
[PlyCount "50"]
[EventDate "2007.06.02"]
[EventType "swiss"]
[EventRounds "9"]
[EventCountry "GER"]
[SourceTitle "CBM 118 Extra"]
[Source "ChessBase"]
[SourceDate "2007.07.04"]
[SourceVersion "1"]
[SourceVersionDate "2007.07.04"]
[SourceQuality "1"]

1. d4 Nf6 2. c4 g6 3. Nc3 Bg7 4. e4 d6 5. Be2 0-0 6. Nf3 e5 7. 0-0 Nc6 8. d5 Ne7 9. Bg5 Nh5 10. g3 f6 11. Bd2 f5 12. exf5 Bxf5 13. Ng5 Nf6 14. f3 c6 15. Be3 h6 16. Nge4 c5 17. g4 Nxe4 18. fxe4 Bd7 19. g5 Kh7 20. Rxf8 Qxf8 21. Bg4 Qc8 22. Bxd7 Qxd7 23. Qe2 Rf8 24. Rf1 Rxf1+ 25. Qxf1 Ng8 1/2-1/2

[Event "EU-chT Seniors 09th"]
[Site "Dresden"]
[Date "2007.02.16"]
[Round "1"]
[White "Arkhangelsky, Boris Nikolaevich"]
[Black "Smith, Ivor BN"]
[Result "1/2-1/2"]
[WhiteElo "2356"]
[BlackElo "2108"]
[PlyCount "102"]
[EventDate "2007.02.16"]
[EventType "team-swiss"]
[EventRounds "9"]
[EventCountry "GER"]
[SourceTitle "CBM 117 Extra"]
[Source "ChessBase"]
[SourceDate "2007.05.09"]
[SourceVersion "1"]
[SourceVersionDate "2007.05.09"]
[SourceQuality "1"]

1. d4 Nf6 2. c4 g6 3. Nc3 Bg7 4. e4 d6 5. Be2 0-0 6. Nf3 e5 7. 0-0 Nc6 8. d5 Ne7 9. Nd2 Nd7 10. b4 f5 11. f3 Bh6 12. Nb3 Bxc1 13. Rxc1 Nf6 14. c5 f4 15. Nb5 Ne8 16. Qc2 Bd7 17. Kh1 g5 18. Na5 a6 19. Na3 Bc8 20. c6 b6 21. Nb7 Bxb7 22. cxb7 Ra7 23. Qa4 Rxb7 24. Qxa6 Rb8 25. Rc3 Ra8 26. Qc4 Rf7 27. Qb3 Kg7 28. Qc2 Ng8 29. Nb5 Ngf6 30. Rc1 Kg8 31. a4 h5 32. h3 Rh7 33. Kg1 Rg7 34. Ra1 Kf8 35. a5 bxa5 36. bxa5 Qb8 37. Rb1 Rxa5 38. Rcb3 g4 39. hxg4 hxg4 40. fxg4 Qb6+ 41. Kf1 Rh7 42. Rh3 Rxh3 43. gxh3 Qe3 44. Qd3 Qxe4 45. Qxe4 Nxe4 46. Ke1 Ra2 47. Bd3 Ng5 48. Nc3 Nf3+ 49. Kf1 Nh2+ 50. Kg1 Nf3+ 51. Kf1 Nh2+ 1/2-1/2